Biện pháp quản lý công tác huy động cộng đồng ở các trường mầm non trên địa bàn thành phố Quảng Ngãi

Cơ sở lý luận về quản lý công tác huy động cộng đồng ở các trường mầm non. Thực trạng quản lý công tác huy động cộng đồng ở các trường mầm non trên địa bàn thành phố Quảng Ngãi. Biện pháp quản lý công tác huy động cộng đồng ở các trường mầm non trên địa bàn thành phố Quảng Ngãi...

Cur síos iomlán

Đã lưu trong:
Sonraí Bibleagrafaíochta
Príomhúdar: Bùi Thị Hồng Thúy
Údair Eile: Trần Xuân Bách TS. (Hướng dẫn)
Formáid: Leabhar
Teanga:Vietnamese
Foilsithe: Đà Nẵng Đại học Đà Nẵng 2015
Ábhair:
Clibeanna: Cuir Clib Leis
Gan Chlibeanna, Bí ar an gcéad duine leis an taifead seo a chlibeáil!
Thư viện lưu trữ: Mạng thư viện Đại học Đà Nẵng
LEADER 01894nam a2200349 4500
001 000023400
003 19851
005 20151207091239.0
008 151201s2015 viesd
041 |a vie 
082 1 4 |a 372.21  |b BU-T 
100 1 |a Bùi Thị Hồng Thúy 
245 1 |a Biện pháp quản lý công tác huy động cộng đồng ở các trường mầm non trên địa bàn thành phố Quảng Ngãi  |c Bùi Thị Hồng Thúy ; Trần Xuân Bách hướng dẫn.  |k Luận văn Thạc sĩ 
260 |a Đà Nẵng  |b Đại học Đà Nẵng  |c 2015 
300 |a 99 tr., phụ lục 7 tr.  |c 29 cm.  |e Tóm tắt 
500 |a Luận văn thạc sĩ Quản lý giáo dục. Chuyên ngành: Quản lý giáo dục. Mã số: 60.14.01.14 
520 3 |a Cơ sở lý luận về quản lý công tác huy động cộng đồng ở các trường mầm non. Thực trạng quản lý công tác huy động cộng đồng ở các trường mầm non trên địa bàn thành phố Quảng Ngãi. Biện pháp quản lý công tác huy động cộng đồng ở các trường mầm non trên địa bàn thành phố Quảng Ngãi 
650 0 4 |a Giáo dục mầm non  |v Luận văn tốt nghiệp  |x Quản lý  |z Quãng Ngãi 
653 |a Công tác huy động cộng đồng 
653 |a Giáo dục mầm non 
653 |a Quản lý giáo dục 
700 1 |a Trần Xuân Bách  |c TS.  |e Hướng dẫn 
OWN |a LSP 
AVA |a UDN50  |b LSP  |d 372.21 BU-T  |e available  |t Error 5001 Not defined in file expand_doc_bib_avail.  |f 1  |g 0  |h N  |i 0  |k 1 
999 |a From the UDN01 
AVA |a UDN50  |b LSP  |d 372.21 BU-T  |e available  |t Error 5001 Not defined in file expand_doc_bib_avail.  |f 1  |g 0  |h N  |i 0  |k 1 
TYP |a Monograph 
TYP |a Printed language 
980 |a Mạng thư viện Đại học Đà Nẵng